000 00754nam a22002417a 4500
001 3510
003 FISKH
005 20241018151526.0
008 240314b cb ||||| |||| 00| 0 eng d
040 _aFISK
_beng
_cFISK
_dFISK
050 _aPZ7.C5792
082 _a813.36
100 _aCleary Beverly
_d1916-2021
245 _aThe mouse and the motorcycle /
_cBeverly Cleary
260 _aNew York :
_bScholastic,
_c1998
300 _a158 pages :
_billustrations,
_c20 cm
505 _aQ
520 _aA reckless young mouse named Ralph makes friends with a boy in room 215 of the Mountain View Inn and discovers the joys of motorcycling.
521 8 _a860
_bLexile
700 _aBeverly Cleary
942 _2ddc
_cBK
_n0
999 _c3510
_d3510